Time Travelers Quiz Stats

 Plays Quiz Updated Jun 8, 2017

Also try: Helmet Heads
Challenge
Share
Tweet
Score 0/20 Timer 04:00
2 Plays Today
Hint Answer % Correct
Homer Simpson
95.9%
Spock
94.1%
T-800
93.8%
Marty McFly
92.7%
Wolverine
88.6%
Stewie Griffin
83.4%
Bill and Ted
82.5%
Dr. Evil
79.8%
Hermione Granger
77%
Jean-Luc Picard
75.4%
Hint Answer % Correct
Optimus Prime
74.3%
Philip J. Fry
66.8%
Donnie Darko
44.4%
Hiro Nakamura
37.8%
Sawyer
37.1%
Rose Tyler
35.6%
Yugi Mutuo
32.3%
Dr. Sam Beckett
27.9%
Arthur Dent
19.1%
Claire Fraser
17.5%

You're not logged in!

Compare scores with friends on all Sporcle quizzes.
Join for Free
OR
Log In

You Might Also Like...

Show Comments

Extras

Top Quizzes Today


Score Distribution

Your Account Isn't Verified!

In order to create a playlist on Sporcle, you need to verify the email address you used during registration. Go to your Sporcle Settings to finish the process.

Report this User

Report this user for behavior that violates our Community Guidelines.

Details: